| 000 | 00000nam##2200000za#4500 |
| 001 | 9.698376 |
| 003 | CaOODSP |
| 005 | 20210927150510 |
| 007 | cr ||||||||||| |
| 008 | 150407|2003||||xxc|||||o f|0| 0 eng|d |
| 040 | |aCaOODSP|beng |
| 043 | |an-cn--- |
| 086 | 1 |aR2-226/2003-1E-PDF |
| 110 | 1 |aCanada. |bIndian and Northern Affairs Canada. |
| 245 | 10|aNorthern land use guidelines. Overview |h[electronic resource] |
| 260 | |aOttawa - Ontario : |bIndian and Northern Affairs |c2003. |
| 300 | |a22p.|bfig., photographs |
| 500 | |aThe catalogue number (R2-226/2003-1E) and ISBN (0-662-32738-1) for the print edition have been incorrectly copied in this electronic publication. |
| 504 | |aBibliography. |
| 590 | |a13-20-Supp|b2013-08-30 |
| 690 | 07|aSustainable development|2gcpds |
| 690 | 07|aIndigenous affairs|2gcpds |
| 690 | 07|aCrown lands|2gcpds |
| 690 | 07|aEnvironmental protection|2gcpds |
| 775 | 08|tLignes directrices sur l'aménagement des terres du Nord. Vue générale |w(CaOODSP)9.642389 |
| 776 | 0#|tNorthern land use guidelines : |w(CaOODSP)9.648641 |
| 856 | 40|ahttp://publications.gc.ca|qPDF|s1.03 MB|uhttps://publications.gc.ca/collections/collection_2013/aadnc-aandc/R2-226-2003-1-eng.pdf |
| 986 | |aQS-8622-010-EE-A1 |